| 000 | 00651 a2200193 4500 | ||
|---|---|---|---|
| 020 | _a0201308576 | ||
| 040 |
_aDLC _bDLC |
||
| 100 | 1 | _aKatz, Randy H., | |
| 245 | 1 | 0 |
_aContemporary logic design _cRandy H. Katz, Gaetano Borriello. |
| 250 | _a2nd ed. | ||
| 260 |
_aNew Delhi : _bPearson Prentice Hall, _c2005. |
||
| 300 |
_axviii, 590 p. : _bill. |
||
| 650 | 0 |
_aElectronic digital computers _xCircuits _xDesign. |
|
| 650 | 0 |
_aIntegrated circuits _xVery large scale integration _xDesign _xData processing. |
|
| 650 | 0 |
_aLogic design _xData processing. |
|
| 650 | 0 | _aComputer-aided design. | |
| 700 | 1 | _aBorriello, Gaetano. | |
| 942 |
_cBK _k621.395 KAT _2ddc |
||
| 999 |
_c9541 _d9541 |
||